La hora de los pueblos (Record no. 80824)

MARC details
000 -LEADER
campo de control de longitud fija 00391nam a2200145 i 4500
001 - NÚMERO DE CONTROL
campo de control 80824
003 - IDENTIFICADOR DE NÚMERO DE CONTROL
campo de control ES-MaACL
005 - FECHA Y HORA DE LA ÚLTIMA TRANSACCIÓN
campo de control 20230906174316.0
007 - CAMPO FIJO DE DESCRIPCIÓN FÍSICA--INFORMACIÓN GENERAL
campo de control de longitud fija t|
008 - DATOS DE LONGITUD FIJA--INFORMACIÓN GENERAL
campo de control de longitud fija 041029s1953 ag ||||1| spa d
245 03 - MENCIÓN DEL TÍTULO
Título La hora de los pueblos
Resto del título : homenajes.
260 ## - PUBLICACIÓN, DISTRIBUCIÓN, ETC.
Lugar de publicación, distribución, etc. [S.l. :
Nombre del editor, distribuidor, etc. s.n.,
Fecha de publicación, distribución, etc. 1953] (
Fabricante Imp. S.I.P.A.)
300 ## - DESCRIPCIÓN FÍSICA
Extensión 47 p., 5 lám. ;
Dimensiones 22 cm.
852 ## - LOCALIZACIÓN
Ubicación ES-MaACL
Número de control de estantería 2035-F-12
Sublocalización o colección R.34786
Holdings
Estatus retirado Estado de pérdida Estado de daño No para préstamo Colección Biblioteca de origen Biblioteca actual Ubicación en estantería Fecha de adquisición Fuente de adquisición Total de préstamos Signatura topográfica completa Código de barras Visto por última vez Precio de reemplazo Tipo de ítem Koha
        Colección de folletos Biblioteca del Ateneo de Madrid Biblioteca del Ateneo de Madrid Depósito folletos 17/01/2008     2035-F-12 1084499 23/02/2023 23/02/2023 Folleto